00672nam a2200193Ia 4500008004100000020001500041082001600056100001900072245007500091250000700166260004500173300002300218500001900241600002700260650005000287942000700337952011900344999001500463240925s9999 xx 000 0 und d a8175150823 a005.133 NIE aNielsen, Kjell 0aObject Oriented Development with C++: a sofrware engineering approach  aNA aNew Delhi:bGalgotia Publicationc,1998. a658p.bNAfPirated aIncludes Index aEngineering Technology aComputer science, information & general works cBK 001040708ETaUITUbUITUd2001-10-30eP.I.A g255.00l0o005.133 NIEpQ4088r2024-09-25 07:13:23w2024-09-25yBK c6587d6587